000 00874nas a2200277 4500
001 BR9804602
003 BR-BrBNA
005 20231205101110.0
007 ta
008 230509b bl.|||p| |||| 00| 00por d
040 _aBR-BrBNA
_bpor
_cBiblioteca Nacional de Agricultura
041 _a(En)
072 _aL73
100 1 _aModolo, J.R.
100 1 _aGottschalk, A.F.
100 1 _aLopes, C.A.M.
100 1 _aLazzari, A.M.
100 1 _aStachissini, A.V.M.
245 1 _aSensitivity of California mastitis (CMT)and Whiteside (WS)tests on the diagnosis of caprine mastitis
650 _aCaprino
650 _aMamite
650 _aControle Integrado
773 0 _tArquivo Brasileiro de Medicina Veterinaria e Zootecnia (Brazil)
_xISSN 0102-0935
_g(Apr 1998), v. 50(2) p. 215-216
_wBR9804602
909 _a202311
_bLúcia
_c55
_dLúcia Elande
942 _2AGRIS
_n0
_cANA
999 _c159711
_d159711